000 00420nmm a2200145Ia 4500
008 251105s9999||||xx |||||||||||||||||und||
041 _aspa
100 _aKane, Ben
245 0 _aAníbal. Campos de sangre :
_b Anibal vol. II
264 _a[Madrid, España] :
_bEdiciones B,
_c2014
300 _a528 páginas
650 _aHistorical fiction
856 _uhttps://public.digitaliapublishing.com/a/53396
942 _cCF
999 _c104920
_d104920